| 000 | 00856nam a2200289Ia 4500 | ||
|---|---|---|---|
| 001 | E9944 | ||
| 003 | IT-RoPAU | ||
| 008 | 130308s9999 xx 000 0 und d | ||
| 040 | _aIT-RoPAU | ||
| 040 | _cIT-RoPAU | ||
| 041 | _aITALIANO | ||
| 100 | _aAuer Alfons | ||
| 100 | _gCodice Aut. SPICS: 50219 | ||
| 245 | _aCredo nello Spirito Santo: omelia | ||
| 245 | _bMorale in una Cultura dei Mass-Media | ||
| 250 | _a1a ed. | ||
| 260 | _aCINISELLO BALSAMO | ||
| 260 | _bSan Paolo | ||
| 260 | _c1998 [1° Ed.:1998 - Ed.Ling.Originale:1994] | ||
| 300 | _a"6 p. (prefazione: no ; testo: 6 [pagine: 131-136])" | ||
| 500 | _aMagistero Sulla Teologia della Comunicazione. provocazione dell'Etica Teologica. | ||
| 650 | _aSAGGI PASTORALE COMUNICAZIONE SOCIALE | ||
| 650 | _eCodice materia Spics: 9311 | ||
| 942 | _cBK | ||
| 957 | _71 | ||
| 999 |
_c98194 _d98194 |
||
| 999 | _g1 | ||